01371nam a2200337Ia 4500001001200000003000800012006001900020007001500039008004100054020001800095020001500113020001800128040002100146035002100167050002400188082001500212245013600227260004800363300002600411490007500437500003100512504005100543533015200594650002200746650004700768655002900815700002800844700001800872710001700890856012600907ebr10699058CaPaEBRm o u cr cn|||||||||080517s2008 njua sb 001 0 eng d z9789812818980 z9812818987 z9789812818997 aCaPaEBRcCaPaEBR a(OCoLC)22837237714aTA1637b.A38 2008eb04a006.4222300aAdvances in intelligent information processingh[electronic resource] :btools and applications /ceditors, B. Chanda, C.A. Murthy. aHackensack, NJ :bWorld Scientific,cc2008. axvii, 295 p. :bill. 0 aStatistical science and interdisciplinary research,x1793-6195 ;vv. 2 a"Platinum jubilee series." aIncludes bibliographical references and index. aElectronic reproduction.bPalo Alto, Calif. :cebrary,d2013.nAvailable via World Wide Web.nAccess may be limited to ebrary affiliated libraries. 0aImage processing. 0aInformation storage and retrieval systems. 7aElectronic books.2local1 aChanda, B.q(Bhabatosh)1 aMurthy, C. A.2 aebrary, Inc.40uhttp://site.ebrary.com/lib/rucke/Doc?id=10699058zAn electronic book accessible through the World Wide Web; click to view